000
00230 a2200097 4500
001
7049
100
_a
Husain, A
245
_a
Tarikh-e-Ibin-e-Khuldoon(Khilafat-e-Bano Abbas)
260
_a
_b
Nafees Academy
_c
090
_c
5819
_d
5819
942
_a
NUST-CAE
_c
M
_c
32288
999
_c
242122
_d
242122